00668 2200241 4500001002100000005001700021008004100038020001800079035002500097040001200122082001100134084001900145100002100164245007000185250001500255260002700270300003000297650003200327700002100359850001200380990001700392990001700409YOGYA-0211000000382720150901115615.0 ind  a979-532-589-8 a0010-021100000003827 aYOPDYOG a004.03 aR 004.03 Kee K aKEEN, Peter G.W. aKamus istilah teknologi informasi bagi manajer /cPeter G.W. Keen aEd.1,cet.1 aYogyakartabAndic2000 avi, 233 hlm.;ilus.;23 cm. aTeknologi Informasi - kamus aHerutomo, Rahmad aYOPDYOG a2901-PD/P.04 a2138-PN/P.01